Countries of the World Quiz - 20 Second Sprint - Statistics

General Stats
  • This quiz has been taken 75 times
  • The average score is 11 of 196
Answers on the Map
Answers color-coded by a green-red scale on the quiz's map according to % correct below.
 
Answer Stats
Country % Correct
United States
81%
Canada
56%
China
47%
Russia
44%
India
38%
Mexico
38%
United Kingdom
38%
Brazil
31%
Spain
28%
France
25%
Japan
25%
Australia
19%
Ireland
19%
Andorra
16%
Chad
16%
Denmark
16%
Argentina
13%
Iceland
13%
Mali
13%
Oman
13%
Sweden
13%
United Arab Emirates
13%
Yemen
13%
Chile
9%
Finland
9%
Germany
9%
Guatemala
9%
Iran
9%
Italy
9%
Maldives
9%
Mongolia
9%
Norway
9%
Palau
9%
Romania
9%
South Korea
9%
Taiwan
9%
Tonga
9%
Ukraine
9%
Vatican City
9%
Afghanistan
6%
Albania
6%
Algeria
6%
Austria
6%
Belarus
6%
Belgium
6%
Benin
6%
Central African Republic
6%
Croatia
6%
Dominican Republic
6%
Egypt
6%
Greece
6%
Laos
6%
Monaco
6%
Nauru
6%
Nepal
6%
Niger
6%
Nigeria
6%
Panama
6%
Paraguay
6%
Peru
6%
Portugal
6%
San Marino
6%
South Africa
6%
Switzerland
6%
Togo
6%
Tuvalu
6%
Bangladesh
3%
Belize
3%
Bhutan
3%
Bolivia
3%
Bosnia and Herzegovina
3%
Bulgaria
3%
Cameroon
3%
Colombia
3%
Cuba
3%
Czech Republic
3%
Democratic Republic of the Congo
3%
Estonia
3%
Federated States of Micronesia
3%
Ghana
3%
Haiti
3%
Honduras
3%
Hungary
3%
Iraq
3%
Kazakhstan
3%
Kenya
3%
Kiribati
3%
Kuwait
3%
Latvia
3%
Lesotho
3%
Libya
3%
Liechtenstein
3%
Lithuania
3%
Malta
3%
Nicaragua
3%
North Korea
3%
Pakistan
3%
Papua New Guinea
3%
Philippines
3%
Poland
3%
Republic of the Congo
3%
Rwanda
3%
Samoa
3%
São Tomé and Príncipe
3%
Saudi Arabia
3%
Solomon Islands
3%
Syria
3%
Vanuatu
3%
Vietnam
3%
Angola
0%
Antigua and Barbuda
0%
Armenia
0%
Azerbaijan
0%
Bahamas
0%
Bahrain
0%
Barbados
0%
Botswana
0%
Brunei
0%
Burkina Faso
0%
Burundi
0%
Cambodia
0%
Cape Verde
0%
Comoros
0%
Costa Rica
0%
Cyprus
0%
Djibouti
0%
Dominica
0%
East Timor
0%
Ecuador
0%
El Salvador
0%
Equatorial Guinea
0%
Eritrea
0%
Eswatini
0%
Ethiopia
0%
Fiji
0%
Gabon
0%
Gambia
0%
Georgia
0%
Grenada
0%
Guinea
0%
Guinea-Bissau
0%
Guyana
0%
Indonesia
0%
Israel
0%
Ivory Coast
0%
Jamaica
0%
Jordan
0%
Kosovo
0%
Kyrgyzstan
0%
Lebanon
0%
Liberia
0%
Luxembourg
0%
Madagascar
0%
Malawi
0%
Malaysia
0%
Marshall Islands
0%
Mauritania
0%
Mauritius
0%
Moldova
0%
Montenegro
0%
Morocco
0%
Mozambique
0%
Myanmar
0%
Namibia
0%
Netherlands
0%
New Zealand
0%
North Macedonia
0%
Qatar
0%
Saint Kitts and Nevis
0%
Saint Lucia
0%
Saint Vincent and the Grenadines
0%
Senegal
0%
Serbia
0%
Seychelles
0%
Sierra Leone
0%
Singapore
0%
Slovakia
0%
Slovenia
0%
Somalia
0%
South Sudan
0%
Sri Lanka
0%
Sudan
0%
Suriname
0%
Tajikistan
0%
Tanzania
0%
Thailand
0%
Trinidad and Tobago
0%
Tunisia
0%
Turkey
0%
Turkmenistan
0%
Uganda
0%
Uruguay
0%
Uzbekistan
0%
Venezuela
0%
Zambia
0%
Zimbabwe
0%
No matching quizzes found
Score Distribution
Percent of People with Each Score
Percentile by Number Answered
Your Score History
You have not taken this quiz